[Event "Lichtenrader Herbst 2011"]
[Site "Berlin"]
[Date "2011.10.08"]
[Round "1.1"]
[White "Graf, Alexander"]
[Black "Burianek, Daniel"]
[Result "1-0"]
[WhiteElo "2628"]
[BlackElo "1805"]
[PlyCount "29"]
[EventDate "2011.??.??"]
[WhiteTeam "Schachklub König Plauen"]
[BlackTeam "SV VHS Rendsburg"]

1. d4 Nf6 2. c4 e6 3. Nc3 Bb4 4. e3 c5 5. Nf3 Nc6 6. Bd2 d5 7. a3 Bxc3 8. Bxc3
Ne4 9. Qc2 O-O 10. dxc5 Nxc5 11. b4 Ne4 12. Bb2 b6 13. cxd5 exd5 14. Qxc6 Bf5
15. Ba6 1-0

[Event "Lichtenrader Herbst 2011"]
[Site "Berlin"]
[Date "2011.10.08"]
[Round "1.2"]
[White "Nosek, Reinhard"]
[Black "Teske, Henrik"]
[Result "0-1"]
[WhiteElo "1914"]
[BlackElo "2547"]
[PlyCount "66"]
[EventDate "2011.??.??"]
[WhiteTeam "Schachfreunde Torgau e. V."]
[BlackTeam "SC 1950 Remagen"]

1. d4 Nf6 2. Nf3 c5 3. e3 g6 4. b3 Bg7 5. Bb2 O-O 6. Bd3 d5 7. O-O Nc6 8. c3 e5
9. Nxe5 Nxe5 10. dxe5 Ng4 11. Be2 Nxe5 12. Nd2 Be6 13. Rc1 Qa5 14. a3 c4 15. b4
Qc7 16. Nf3 a5 17. b5 a4 18. Nd4 Rfd8 19. f4 Nd7 20. g4 Nc5 21. f5 Bd7 22. Qe1
Qe5 23. Rf3 Ne4 24. h3 Re8 25. Rb1 Qd6 26. Bf1 Ng5 27. Qg3 Nxf3+ 28. Qxf3 Re4
29. Bc1 Rae8 30. h4 h5 31. Bh3 hxg4 32. Bxg4 Bxd4 33. cxd4 Rxg4+ 0-1

[Event "Lichtenrader Herbst 2011"]
[Site "Berlin"]
[Date "2011.10.08"]
[Round "1.3"]
[White "Feuerstack, Aljoscha"]
[Black "Starke, René-Reiner"]
[Result "1-0"]
[WhiteElo "2424"]
[BlackElo "1787"]
[PlyCount "81"]
[EventDate "2011.??.??"]
[WhiteTeam "SK Norderstedt von 1975"]
[BlackTeam "SC Schwarz-Weiß Lichtenrade e.V."]

1. e4 c6 2. d4 d5 3. e5 Bf5 4. Nd2 e6 5. Nb3 Nd7 6. Nf3 Ne7 7. Be2 Nc8 8. a4 a6
9. Be3 Be7 10. O-O Qc7 11. a5 c5 12. Nxc5 Nxc5 13. dxc5 Bxc5 14. Nd4 Ne7 15.
Nxf5 Nxf5 16. Bf4 O-O 17. Bd3 Ne7 18. Qh5 g6 19. Qh4 Nc6 20. Rfe1 Nb4 21. Bg5
Rfc8 22. Rad1 Nc6 23. Bf6 Qxa5 24. c3 Qc7 25. Re3 Bxe3 26. fxe3 h5 27. Qg5 Kf8
28. Bxg6 fxg6 29. Qh6+ Ke8 30. Qh8+ Kd7 31. Qg7+ Ke8 32. Qg8+ Kd7 33. Qf7+ Ne7
34. Qxe7+ Kc6 35. Qxe6+ Kb5 36. Rxd5+ Ka4 37. Rd4+ Ka5 38. b4+ Ka4 39. Qa2+ Kb5
40. Rd5+ Kb6 41. e6 1-0

[Event "Lichtenrader Herbst 2011"]
[Site "Berlin"]
[Date "2011.10.08"]
[Round "1.6"]
[White "Mittelstädt, Joel"]
[Black "Kalinitschew, Sergey"]
[Result "0-1"]
[WhiteElo "1792"]
[BlackElo "2420"]
[PlyCount "36"]
[EventDate "2011.??.??"]
[WhiteTeam "SG Grün-Weiß Baumschulenweg e.V."]
[BlackTeam "SC Kreuzberg e.V."]

1. c4 b6 2. Nc3 e6 3. d4 Bb7 4. Nf3 f5 5. d5 Bd6 6. e4 fxe4 7. Nxe4 Bb4+ 8. Bd2
Qe7 9. Bxb4 Qxb4+ 10. Nfd2 Qxb2 11. dxe6 Nf6 12. Nxf6+ Qxf6 13. exd7+ Nxd7 14.
Be2 Bxg2 15. Rg1 Bc6 16. Bh5+ g6 17. Bf3 O-O 18. Rg3 Ne5 0-1

[Event "Lichtenrader Herbst 2011"]
[Site "Berlin"]
[Date "2011.10.08"]
[Round "1.7"]
[White "Wendt, Jan-Dietrich"]
[Black "Radjenovic, Branko"]
[Result "1-0"]
[WhiteElo "2373"]
[BlackElo "1839"]
[PlyCount "61"]
[EventDate "2011.??.??"]
[WhiteTeam "Sfrd. Berlin 1903 e.V."]
[BlackTeam "SK Dragojle Babic"]

1. Nf3 Nf6 2. c4 g6 3. Nc3 Bg7 4. e4 d6 5. d4 Nbd7 6. h3 e5 7. dxe5 dxe5 8. Be3
O-O 9. c5 Qe7 10. Qc2 c6 11. Rc1 Rd8 12. Rd1 h6 13. Be2 Ne8 14. O-O Nf8 15.
Rxd8 Qxd8 16. Rd1 Qe7 17. b4 Ne6 18. Qd2 Kh7 19. Bc4 Qc7 20. Bb3 Bf8 21. a3 Nf6
22. Nd5 cxd5 23. exd5 Ne4 24. Qc1 N4xc5 25. bxc5 Nxc5 26. d6 Bxd6 27. Rxd6 Qxd6
28. Bxc5 Qf6 29. Qe3 b6 30. Bf8 g5 31. Qe4+ 1-0

[Event "Lichtenrader Herbst 2011"]
[Site "Berlin"]
[Date "2011.10.08"]
[Round "1.8"]
[White "Kurbel, Horst-Peter"]
[Black "Graf, Felix"]
[Result "0-1"]
[WhiteElo "1895"]
[BlackElo "2341"]
[PlyCount "32"]
[EventDate "2011.??.??"]
[WhiteTeam "FC Bayern München e.V."]
[BlackTeam "FC Bayern München e.V."]

1. d4 e6 2. c4 Nf6 3. Nc3 Bb4 4. Qc2 c5 5. Nf3 O-O 6. e3 b6 7. Be2 Bb7 8. O-O
d6 9. Nd2 cxd4 10. exd4 Nc6 11. Nf3 Rc8 12. Nd1 d5 13. a3 Be7 14. Qa4 dxc4 15.
Qxc4 Nb4 16. Qb3 Nc2 0-1

[Event "Lichtenrader Herbst 2011"]
[Site "Berlin"]
[Date "2011.10.08"]
[Round "1.11"]
[White "Thompson, Ian D"]
[Black "Körner, Helmut"]
[Result "1/2-1/2"]
[WhiteElo "2276"]
[BlackElo "1928"]
[PlyCount "82"]
[EventDate "2011.??.??"]
[WhiteTeam "Guildford"]
[BlackTeam "Sfr.Nord-Ost Berlin"]

1. c4 e5 2. g3 g6 3. d4 exd4 4. Qxd4 Qf6 5. Qd1 Nc6 6. Nf3 Bg7 7. Nc3 Ne5 8.
Nxe5 Qxe5 9. Bg2 c6 10. Ne4 Nf6 11. Nd6+ Ke7 12. Bf4 Qa5+ 13. Bd2 Qc5 14. Qb3
Qxd6 15. Bb4 c5 16. Rd1 Qe5 17. f4 Qc7 18. Qe3+ Kd8 19. Bxc5 Re8 20. Qd4 Nh5
21. Qf2 Bxb2 22. O-O Nf6 23. Bd6 Qxc4 24. e4 Bc3 25. e5 Ne4 26. Bxe4 Qxe4 27.
Qc5 Qc6 28. Qa3 b6 29. Rd3 Bb7 30. Rff3 Ba5 31. Qb3 Re6 32. g4 Rc8 33. f5 gxf5
34. gxf5 Rxd6 35. exd6 Qc5+ 36. Rf2 Qc1+ 37. Rf1 Qc6 38. Rff3 Qc5+ 39. Rf2 Qc1+
40. Rf1 Qc6 41. Rff3 Qc5+ 1/2-1/2

[Event "Lichtenrader Herbst 2011"]
[Site "Berlin"]
[Date "2011.10.08"]
[Round "1.13"]
[White "Gruzmann, Boris"]
[Black "Metin, Altug"]
[Result "1-0"]
[WhiteElo "2258"]
[BlackElo "1760"]
[PlyCount "103"]
[EventDate "2011.??.??"]
[WhiteTeam "TuS Makkabi Berlin e.V."]
[BlackTeam "vereinslos"]

1. e4 Nf6 2. e5 Nd5 3. d4 d6 4. Bc4 Nb6 5. Bb3 Nc6 6. e6 fxe6 7. Nh3 g6 8. Ng5
Bg7 9. Bxe6 Rf8 10. c3 h6 11. Qd3 Rf6 12. Bxc8 Qxc8 13. Ne4 Rf7 14. O-O Qf5 15.
a4 O-O-O 16. b4 d5 17. Nc5 Qxd3 18. Nxd3 Nd7 19. a5 e5 20. b5 Ncb8 21. dxe5
Nxe5 22. Nxe5 Bxe5 23. Ra4 Nd7 24. Be3 Kb8 25. Rh4 h5 26. Bd4 Re8 27. Nd2 Bf4
28. Nf3 Re2 29. Re1 Rxe1+ 30. Nxe1 Bg5 31. Rh3 Re7 32. Kf1 Ne5 33. Bxe5 Rxe5
34. Nf3 Rf5 35. Rg3 Bf6 36. Rxg6 c5 37. bxc6 Bxc3 38. cxb7 Kxb7 39. a6+ Kc7 40.
Ke2 Rf6 41. Rxf6 Bxf6 42. h3 Kb6 43. g4 hxg4 44. hxg4 Kxa6 45. g5 Bg7 46. Kd3
Kb6 47. Nd4 a5 48. Ne6 a4 49. Nxg7 a3 50. Kc3 d4+ 51. Kb3 d3 52. Nf5 1-0

[Event "Lichtenrader Herbst 2011"]
[Site "Berlin"]
[Date "2011.10.08"]
[Round "1.14"]
[White "Schwedek, Tony"]
[Black "Priebe, Jan"]
[Result "0-1"]
[WhiteElo "1839"]
[BlackElo "2265"]
[PlyCount "84"]
[EventDate "2011.??.??"]
[WhiteTeam "SC Zitadelle Spandau 1977 e.V."]
[BlackTeam "SC Tempo Göttingen"]

1. d4 Nf6 2. c4 g6 3. Nc3 Bg7 4. e4 d6 5. f3 O-O 6. Be3 c6 7. Qd2 a6 8. Nge2 b5
9. Ng3 Nbd7 10. Bh6 e5 11. d5 cxd5 12. Nxd5 Nxd5 13. Bxg7 Kxg7 14. Qxd5 Nb6 15.
Qc6 bxc4 16. Rd1 d5 17. exd5 Bd7 18. Qd6 Ba4 19. Qxd8 Rfxd8 20. Rd2 f5 21. Kf2
Rac8 22. b3 cxb3 23. axb3 Bb5 24. Bxb5 axb5 25. d6 Rc6 26. Rhd1 Kf6 27. Ne2 Ke6
28. f4 Rcxd6 29. Rxd6+ Rxd6 30. Rxd6+ Kxd6 31. fxe5+ Kxe5 32. Ke3 Nd5+ 33. Kd3
g5 34. g3 Nb4+ 35. Ke3 h5 36. Kf2 Nd5 37. Kf3 g4+ 38. Kg2 f4 39. Kf2 f3 40. Nc1
Kd4 41. h3 Nb4 42. h4 Nd3+ 0-1

[Event "Lichtenrader Herbst 2011"]
[Site "Berlin"]
[Date "2011.10.08"]
[Round "1.15"]
[White "Boetzer, Detlef"]
[Black "Ziems, Michael"]
[Result "1-0"]
[WhiteElo "2286"]
[BlackElo "1811"]
[PlyCount "31"]
[EventDate "2011.??.??"]
[WhiteTeam "SC Rotation Pankow e.V."]
[BlackTeam "SV Empor Berlin e.V."]

1. c4 c5 2. g3 e6 3. Bg2 Nf6 4. Nf3 Be7 5. O-O Nc6 6. d4 cxd4 7. Nxd4 O-O 8.
Nc3 a6 9. b3 Qc7 10. Bb2 b6 11. Rc1 Bb7 12. Nd5 exd5 13. cxd5 Nxd5 14. Bxd5
Rfe8 15. Nf5 Bf8 16. e4 1-0

[Event "Lichtenrader Herbst 2011"]
[Site "Berlin"]
[Date "2011.10.08"]
[Round "1.17"]
[White "Reichenbach, Werner"]
[Black "Hielscher, Ursula"]
[Result "1-0"]
[WhiteElo "2310"]
[BlackElo "1876"]
[PlyCount "27"]
[EventDate "2011.??.??"]
[WhiteTeam "Schachclub Oberkrämer"]
[BlackTeam "SK Doppelbauer Kiel"]

1. d4 d5 2. Nf3 Nf6 3. Bf4 e6 4. e3 Bb4+ 5. c3 Ba5 6. Nbd2 O-O 7. Bd3 Nbd7 8.
Ne5 Re8 9. Qc2 Nf8 10. g4 c6 11. Ndf3 Bc7 12. Ng5 Bxe5 13. dxe5 N6d7 14. Bxh7+
1-0

[Event "Lichtenrader Herbst 2011"]
[Site "Berlin"]
[Date "2011.10.08"]
[Round "1.18"]
[White "Schabel, Eberhard"]
[Black "Grottke, Hans-Joachim"]
[Result "1/2-1/2"]
[WhiteElo "1843"]
[BlackElo "2237"]
[PlyCount "49"]
[EventDate "2011.??.??"]
[WhiteTeam "TuRa Harksheide"]
[BlackTeam "SC Empor Potsdam 1952 e.V."]

1. e4 e6 2. d4 d5 3. exd5 exd5 4. Bd3 Nf6 5. Ne2 Bd6 6. Bf4 O-O 7. O-O Bg4 8.
Bxd6 Qxd6 9. Qd2 Nc6 10. c3 Rfe8 11. Na3 Re7 12. f3 Bh5 13. Qf4 Qe6 14. Nc2 Bg6
15. Bxg6 hxg6 16. Rfe1 Rae8 17. Ng3 Qd7 18. Rxe7 Rxe7 19. Re1 Nd8 20. Rxe7 Qxe7
21. Qe3 Kf8 22. Qxe7+ Kxe7 23. Kf2 Ne6 24. Ke3 b6 25. Nb4 1/2-1/2

[Event "Lichtenrader Herbst 2011"]
[Site "Berlin"]
[Date "2011.10.08"]
[Round "1.19"]
[White "Möller, Hendrik"]
[Black "Schüler, Wolfgang"]
[Result "1-0"]
[WhiteElo "2222"]
[BlackElo "1914"]
[PlyCount "105"]
[EventDate "2011.??.??"]
[WhiteTeam "SC Weisse Dame e.V."]
[BlackTeam "SC Friesen Lichtenberg e.V."]

1. c4 e6 2. g3 d5 3. Bg2 c6 4. Nf3 Nf6 5. b3 Nbd7 6. Bb2 Be7 7. O-O O-O 8. d3
Qc7 9. Nbd2 dxc4 10. Nxc4 Nb6 11. Nce5 Nfd7 12. Qc2 Nxe5 13. Bxe5 Bd6 14. Bb2
e5 15. d4 exd4 16. Nxd4 f6 17. Rac1 Be5 18. f4 Bxd4+ 19. Bxd4 Be6 20. Rfd1 Rfe8
21. Be4 h6 22. Bf3 Bf7 23. Bc5 Rad8 24. Rxd8 Rxd8 25. Rd1 a6 26. Kf2 Be6 27.
Rd3 Rxd3 28. Qxd3 Nd5 29. Qd2 b6 30. Ba3 Qd7 31. e4 Nc7 32. Ke3 Qxd2+ 33. Kxd2
Nb5 34. Bb2 Kf7 35. f5 Bd7 36. g4 Nc7 37. Ke3 c5 38. e5 fxe5 39. Bxe5 Ne8 40.
Kf4 Bb5 41. Bb8 Bd3 42. Ba7 c4 43. Bd5+ Ke7 44. Bxc4 Bxc4 45. bxc4 b5 46. cxb5
axb5 47. Ke5 Nf6 48. h3 Kd7 49. Bc5 Kc6 50. Ba3 Nd5 51. Bf8 b4 52. Bxg7 Nc3 53.
f6 1-0

[Event "Lichtenrader Herbst 2011"]
[Site "Berlin"]
[Date "2011.10.09"]
[Round "2.1"]
[White "Stahr, Ralf-Peter"]
[Black "Graf, Alexander"]
[Result "0-1"]
[WhiteElo "2101"]
[BlackElo "2628"]
[PlyCount "102"]
[EventDate "2011.??.??"]
[WhiteTeam "ESV Lok Raw Cottbus e.V."]
[BlackTeam "Schachklub König Plauen"]

1. c4 e5 2. Nc3 Nc6 3. Nf3 g6 4. d4 exd4 5. Nxd4 Bg7 6. Nxc6 dxc6 7. Qxd8+ Kxd8
8. Bg5+ Ke8 9. O-O-O Be6 10. e4 Nf6 11. Be2 Nd7 12. Rd2 h6 13. Bh4 Ne5 14. Rhd1
g5 15. Bg3 Rc8 16. b3 h5 17. Kc2 Ng6 18. h3 h4 19. Bh2 Be5 20. Bxe5 Nxe5 21.
Na4 b6 22. c5 Ke7 23. Nb2 Kf6 24. Kc3 a5 25. Nd3 b5 26. Nxe5 Kxe5 27. Bg4 b4+
28. Kc2 Bxg4 29. hxg4 h3 30. gxh3 Rxh3 31. Rd7 Rc3+ 32. Kb2 Ke6 33. a3 Rf3 34.
axb4 Rxf2+ 35. Ka3 axb4+ 36. Kxb4 Rg2 37. R7d4 Rxg4 38. Kc4 Rh8 39. Ra1 Ke5 40.
Re1 Rhh4 41. Rd7 Rxe4+ 42. Rxe4+ Rxe4+ 43. Kd3 f5 44. Rxc7 Kd5 45. Rf7 Rf4 46.
b4 Rf3+ 47. Ke2 g4 48. Rf6 Rf4 49. b5 cxb5 50. c6 Ke5 51. c7 Rc4 0-1

[Event "Lichtenrader Herbst 2011"]
[Site "Berlin"]
[Date "2011.10.09"]
[Round "2.2"]
[White "Teske, Henrik"]
[Black "Müller, Tobias"]
[Result "1-0"]
[WhiteElo "2547"]
[BlackElo "2079"]
[PlyCount "55"]
[EventDate "2011.??.??"]
[WhiteTeam "SC 1950 Remagen"]
[BlackTeam "SK Marmstorf GW Harburg"]

1. e4 c5 2. Nf3 d6 3. d4 cxd4 4. Nxd4 Nf6 5. f3 g6 6. c4 Bg7 7. Nc3 Nc6 8. Be3
O-O 9. Qd2 Re8 10. Be2 Nd7 11. Nc2 a5 12. O-O Nc5 13. Rac1 Be6 14. b3 Qd7 15.
Nd5 Rad8 16. Na3 f5 17. Nb5 Rf8 18. exf5 gxf5 19. Bg5 Qe8 20. Rfe1 Qf7 21. Bf1
Bxd5 22. cxd5 Ne5 23. Nxd6 exd6 24. Bxd8 Rxd8 25. Rxe5 Nxb3 26. axb3 dxe5 27.
d6 Qd7 28. Rc7 1-0

[Event "Lichtenrader Herbst 2011"]
[Site "Berlin"]
[Date "2011.10.09"]
[Round "2.3"]
[White "Järvinen, Rauno"]
[Black "Feuerstack, Aljoscha"]
[Result "0-1"]
[WhiteElo "2149"]
[BlackElo "2424"]
[PlyCount "50"]
[EventDate "2011.??.??"]
[WhiteTeam "Sfrd. Berlin 1903 e.V."]
[BlackTeam "SK Norderstedt von 1975"]

1. c4 Nf6 2. g3 e5 3. Bg2 c6 4. d4 exd4 5. Qxd4 Na6 6. Nf3 Bc5 7. Qe5+ Be7 8.
O-O O-O 9. Nc3 Re8 10. Qd4 Nc5 11. e4 d6 12. b4 Na6 13. b5 Nc5 14. Bb2 Ng4 15.
Rad1 Bf6 16. Qxd6 Qxd6 17. Rxd6 Bxc3 18. Bxc3 Nxe4 19. Rd3 Be6 20. Re1 Bxc4 21.
Rd4 Bd5 22. bxc6 bxc6 23. Nd2 Nxc3 24. Rxe8+ Rxe8 25. Rxg4 Re1+ 0-1

[Event "Lichtenrader Herbst 2011"]
[Site "Berlin"]
[Date "2011.10.09"]
[Round "2.5"]
[White "Dreke, Frank"]
[Black "Lagunow, Alexander"]
[Result "0-1"]
[WhiteElo "2052"]
[BlackElo "2430"]
[PlyCount "76"]
[EventDate "2011.??.??"]
[WhiteTeam "Treptower SV 1949 e.V."]
[BlackTeam "TuS Makkabi Berlin e.V."]

1. c4 g6 2. Nc3 Bg7 3. g3 Nf6 4. Bg2 d6 5. Nf3 O-O 6. O-O Nc6 7. Rb1 d5 8. cxd5
Nxd5 9. Ng5 e6 10. Nf3 h6 11. a3 Nde7 12. d3 e5 13. b4 a6 14. Bd2 Be6 15. a4
Nd4 16. Nxd4 exd4 17. Ne4 b6 18. Bc1 Nd5 19. Qc2 f5 20. Nd2 Nc3 21. Nb3 Bd5 22.
Bb2 Bxg2 23. Kxg2 Qd5+ 24. Kg1 Nxb1 25. Rxb1 Rfe8 26. Re1 Re7 27. Ba1 c5 28.
bxc5 Rc8 29. a5 bxa5 30. Nxa5 Qxc5 31. Nc4 Kh7 32. Bb2 Qb5 33. Ba3 Re6 34. Rb1
Rxe2 35. Qd1 Rce8 36. Rxb5 Re1+ 37. Qxe1 Rxe1+ 38. Kg2 axb5 0-1

[Event "Lichtenrader Herbst 2011"]
[Site "Berlin"]
[Date "2011.10.09"]
[Round "2.6"]
[White "Kalinitschew, Sergey"]
[Black "Jaeger, Andre"]
[Result "1-0"]
[WhiteElo "2420"]
[BlackElo "2040"]
[PlyCount "83"]
[EventDate "2011.??.??"]
[WhiteTeam "SC Kreuzberg e.V."]
[BlackTeam "SC Rochade e.V."]

1. d4 Nf6 2. c4 d6 3. Nc3 Nbd7 4. Nf3 g6 5. g3 Bg7 6. Bg2 O-O 7. O-O e5 8. e4
c6 9. h3 exd4 10. Nxd4 Qb6 11. Nde2 Qb4 12. b3 Ne8 13. a3 Qa5 14. Rb1 Qc7 15.
Be3 a5 16. f4 f5 17. exf5 gxf5 18. Qc2 Nc5 19. b4 axb4 20. axb4 Ne6 21. Bf2 Bd7
22. Rfe1 Qc8 23. Na4 Ra6 24. Nb6 Rxb6 25. Bxb6 c5 26. bxc5 dxc5 27. Bd5 Kh8 28.
Kh2 Nf6 29. Rbd1 Bc6 30. Ba5 Ne4 31. Nc3 Nd4 32. Qg2 Qa8 33. Bxc6 bxc6 34. Nxe4
fxe4 35. Bc7 Nf3+ 36. Kh1 Nxe1 37. Rxe1 Qb7 38. Bd6 Re8 39. Bxc5 Bc3 40. Re3
Qb1+ 41. Qg1 Qc2 42. Rxc3 1-0

[Event "Lichtenrader Herbst 2011"]
[Site "Berlin"]
[Date "2011.10.09"]
[Round "2.7"]
[White "Greiser, Christian"]
[Black "Wendt, Jan-Dietrich"]
[Result "0-1"]
[WhiteElo "1977"]
[BlackElo "2373"]
[PlyCount "58"]
[EventDate "2011.??.??"]
[WhiteTeam "SC Weisse Dame e.V."]
[BlackTeam "Sfrd. Berlin 1903 e.V."]

1. c4 Nf6 2. Nc3 g6 3. g3 Bg7 4. Bg2 O-O 5. Nf3 d6 6. O-O e5 7. d3 Nc6 8. a3
Re8 9. e4 Bg4 10. h3 Bxf3 11. Bxf3 Nd7 12. Bg4 a5 13. Nd5 Nc5 14. Be3 Nd4 15.
Bxd4 exd4 16. h4 c6 17. Nf4 a4 18. Nh3 Ra6 19. Rc1 Rb6 20. Rc2 Rb3 21. Rd2 Qa5
22. h5 b5 23. hxg6 hxg6 24. e5 dxe5 25. Qe2 bxc4 26. dxc4 Reb8 27. Bf3 Rxf3 28.
Qxf3 Qxd2 29. Qxc6 Ne6 0-1

[Event "Lichtenrader Herbst 2011"]
[Site "Berlin"]
[Date "2011.10.09"]
[Round "2.8"]
[White "Graf, Felix"]
[Black "Landt, Stefan"]
[Result "1-0"]
[WhiteElo "2341"]
[BlackElo "1970"]
[PlyCount "67"]
[EventDate "2011.??.??"]
[WhiteTeam "FC Bayern München e.V."]

1. d4 d5 2. c4 e6 3. Nc3 Nf6 4. cxd5 exd5 5. Bg5 Be7 6. e3 c6 7. Qc2 Nbd7 8.
Bd3 O-O 9. Nf3 h6 10. Bh4 Bd6 11. O-O-O Qa5 12. Kb1 b5 13. Rc1 Ba6 14. Nd2 b4
15. Nb3 Bxd3 16. Qxd3 Qb6 17. Na4 Qb5 18. Nac5 Rfc8 19. Qxb5 cxb5 20. Nd3 Kf8
21. Bg3 Bxg3 22. hxg3 Ne4 23. g4 Ke7 24. f3 Nef6 25. Nxb4 Nb6 26. Rc5 Rxc5 27.
dxc5 Nc4 28. Nd4 Rc8 29. b3 Ne5 30. Na6 b4 31. Rd1 Ned7 32. c6 Ne5 33. Nf5+ Kf8
34. c7 1-0

[Event "Lichtenrader Herbst 2011"]
[Site "Berlin"]
[Date "2011.10.09"]
[Round "2.10"]
[White "Kachibadze, Georg"]
[Black "Yin, Stanley"]
[Result "1-0"]
[WhiteElo "2340"]
[BlackElo "2006"]
[PlyCount "45"]
[EventDate "2011.??.??"]
[WhiteTeam "SK König Tegel 1949 e.V."]
[BlackTeam "SC Caissa Schwarzenbach"]

1. e4 e5 2. Nf3 Nc6 3. Bc4 Bc5 4. O-O Nf6 5. d4 Bxd4 6. Nxd4 Nxd4 7. f4 Nc6 8.
Bxf7+ Kxf7 9. fxe5 d6 10. exf6 g6 11. Nc3 Be6 12. Nd5 Ne5 13. b3 c6 14. Nf4
Qb6+ 15. Kh1 Rad8 16. Qe1 h6 17. Bb2 Bc8 18. Bxe5 dxe5 19. Nxg6 Kxg6 20. Qg3+
Kh5 21. Qxe5+ Kg6 22. Qg3+ Kh5 23. Rf4 1-0

[Event "Lichtenrader Herbst 2011"]
[Site "Berlin"]
[Date "2011.10.09"]
[Round "2.11"]
[White "Postler, Reinhard"]
[Black "Buttkus, André"]
[Result "1-0"]
[WhiteElo "2367"]
[BlackElo "2071"]
[PlyCount "57"]
[EventDate "2011.??.??"]
[WhiteTeam "TSG Oberschöneweide e.V."]
[BlackTeam "SK Tempelhof 1931 e.V."]

1. e4 c6 2. d4 d5 3. Nc3 dxe4 4. Nxe4 Bf5 5. Ng3 Bg6 6. Bc4 e6 7. N1e2 Nf6 8.
h4 h6 9. Nf4 Bh7 10. Bb3 Bd6 11. Qf3 O-O 12. Bd2 a5 13. a4 Nbd7 14. O-O-O Qc7
15. Nfh5 Nxh5 16. Nxh5 b5 17. g4 bxa4 18. Bxa4 Nb6 19. Bxh6 Nxa4 20. Bxg7 Rfb8
21. Bh6 Rxb2 22. Rd3 Rab8 23. Qf6 Bf8 24. Qg5+ Bg6 25. Nf6+ Kh8 26. Bxf8 Rxc2+
27. Kxc2 Bxd3+ 28. Kxd3 Rb3+ 29. Ke2 1-0

[Event "Lichtenrader Herbst 2011"]
[Site "Berlin"]
[Date "2011.10.09"]
[Round "2.12"]
[White "Witte, Ronald"]
[Black "Gruzmann, Boris"]
[Result "0-1"]
[WhiteElo "2057"]
[BlackElo "2258"]
[PlyCount "138"]
[EventDate "2011.??.??"]
[WhiteTeam "BSV 63 Chemie Weißensee"]
[BlackTeam "TuS Makkabi Berlin e.V."]

1. d4 Nf6 2. c4 g6 3. Nc3 Bg7 4. e4 d6 5. h3 O-O 6. Bg5 h6 7. Be3 c5 8. d5 Qa5
9. Bd3 a6 10. Nf3 b5 11. cxb5 axb5 12. O-O b4 13. Ne2 Nbd7 14. Ng3 Nb6 15. a3
Nfd7 16. axb4 Qxb4 17. Rxa8 Nxa8 18. b3 Nc7 19. Bd2 Qb6 20. Qc2 Ba6 21. Bxa6
Nxa6 22. Bc3 Nb4 23. Qd2 Ra8 24. Bxg7 Kxg7 25. Qc3+ Kh7 26. Ra1 Ra2 27. Rxa2
Nxa2 28. Qc2 Qa5 29. Nd2 Qa3 30. Ngf1 Nb4 31. Qc3 Ne5 32. Nc4 Nxc4 33. Qxc4 Qa1
34. g3 Qd1 35. Kg2 Nc2 36. Ne3 Nxe3+ 37. fxe3 Qd2+ 38. Kf3 Kg7 39. e5 Qd1+ 40.
Kf2 dxe5 41. Qxc5 Qxb3 42. e4 Qb7 43. h4 Qd7 44. Kf3 Qd6 45. Qc3 f5 46. Ke3 Kf6
47. Qc8 Kg7 48. Qc3 Qb6+ 49. Kf3 Qf6 50. Qc7 Kf7 51. Qc8 h5 52. Qc7 f4 53. Qc4
fxg3+ 54. Kxg3 Qf4+ 55. Kg2 Kg7 56. d6 Qd2+ 57. Kf3 Qxd6 58. Qe2 Qf6+ 59. Kg3
Qf4+ 60. Kh3 Kh6 61. Qg2 Qe3+ 62. Kh2 e6 63. Qh1 Qf4+ 64. Kg1 Qg3+ 65. Kf1 Qe3
66. Qg2 Qc1+ 67. Kf2 Qd2+ 68. Kg3 Qxg2+ 69. Kxg2 g5 0-1

[Event "Lichtenrader Herbst 2011"]
[Site "Berlin"]
[Date "2011.10.09"]
[Round "2.14"]
[White "Galkin, Wladislaw"]
[Black "Boetzer, Detlef"]
[Result "0-1"]
[WhiteElo "1986"]
[BlackElo "2286"]
[PlyCount "68"]
[EventDate "2011.??.??"]
[WhiteTeam "SC Ladja Roßdorf"]
[BlackTeam "SC Rotation Pankow e.V."]

1. d4 Nf6 2. c4 d6 3. Nc3 e5 4. dxe5 dxe5 5. Qxd8+ Kxd8 6. Bg5 c6 7. O-O-O+ Kc7
8. Nf3 Nbd7 9. e3 Bb4 10. Bh4 Bxc3 11. bxc3 Ne4 12. Kc2 f6 13. Nd2 Nxd2 14.
Rxd2 Nb6 15. Be2 Be6 16. Rhd1 Rad8 17. Rxd8 Rxd8 18. Rxd8 Kxd8 19. Kb3 Nd7 20.
f3 Kc7 21. e4 b6 22. Bf2 c5 23. Kc2 Nb8 24. Kd3 Nc6 25. Bd1 Na5 26. Bb3 Kd6 27.
h4 h5 28. g3 b5 29. Kc2 Bxc4 30. f4 a6 31. f5 Kc6 32. Be3 Bxb3+ 33. axb3 c4 34.
bxc4 Nxc4 0-1

[Event "Lichtenrader Herbst 2011"]
[Site "Berlin"]
[Date "2011.10.09"]
[Round "2.15"]
[White "Böhnisch, Manfred"]
[Black "Witt, Ronald"]
[Result "1/2-1/2"]
[WhiteElo "2289"]
[BlackElo "2068"]
[PlyCount "148"]
[EventDate "2011.??.??"]
[WhiteTeam "Schachgemeinschaft Leipzig"]
[BlackTeam "Schachfreunde Zehdenick 76 e.V."]

1. e4 c6 2. Nc3 d5 3. Nf3 dxe4 4. Nxe4 Bf5 5. Ng3 Bg6 6. h4 h6 7. Ne5 Bh7 8.
Qh5 g6 9. Qf3 Nf6 10. Bc4 e6 11. d4 Bg7 12. Ne4 Bg8 13. c3 Nxe4 14. Qxe4 Nd7
15. Bf4 Nf6 16. Qc2 Nd5 17. Bg3 Nb6 18. Bd3 Nd7 19. Nc4 Bf8 20. Nd6+ Bxd6 21.
Bxd6 f5 22. O-O-O Bf7 23. Rde1 Nf6 24. Be5 O-O 25. f3 Re8 26. g4 Nd7 27. Bf4
Kh7 28. Qd2 h5 29. Rhg1 Rg8 30. Rg3 Qa5 31. a3 Rae8 32. Reg1 Qd8 33. Bg5 Qb8
34. Qg2 Qd6 35. Bd2 Nf6 36. gxf5 exf5 37. Bxf5 gxf5 38. Rg7+ Kh8 39. Qg5 Nh7
40. Qh6 Qxh6 41. Bxh6 Bd5 42. f4 Nf6 43. R1g5 Ne4 44. Rxg8+ Rxg8 45. Rxf5 Rg1+
46. Kc2 Rg2+ 47. Kd1 Bb3+ 48. Ke1 Re2+ 49. Kxe2 Ng3+ 50. Kd3 Nxf5 51. Bg5 Nd6
52. Be7 Nc4 53. f5 Nxb2+ 54. Ke4 Kg8 55. Ke5 Kf7 56. Kd6 Nc4+ 57. Kd7 Nb6+ 58.
Kd8 Nd5 59. Bg5 Nxc3 60. Kc7 Nb5+ 61. Kxb7 Nxd4 62. Kxa7 Nxf5 63. Kb6 Ba4 64.
Ka5 Bb3 65. Kb6 Ne7 66. Kc5 Ke6 67. Kb4 Bd5 68. a4 Kd7 69. a5 Nc8 70. Bf4 Na7
71. Kc5 Bf3 72. a6 Nc8 73. Bb8 Be2 74. a7 Nxa7 1/2-1/2

[Event "Lichtenrader Herbst 2011"]
[Site "Berlin"]
[Date "2011.10.09"]
[Round "2.16"]
[White "Flohr, Dennis"]
[Black "Reichenbach, Werner"]
[Result "0-1"]
[WhiteElo "1950"]
[BlackElo "2310"]
[PlyCount "58"]
[EventDate "2011.??.??"]
[WhiteTeam "SG Amersfoort"]
[BlackTeam "Schachclub Oberkrämer"]

1. d4 Nf6 2. Bf4 d6 3. Nc3 g6 4. e4 Bg7 5. Qd2 c6 6. O-O-O Qa5 7. Nf3 Bg4 8. h3
Bxf3 9. gxf3 Nbd7 10. Bc4 e5 11. Be3 O-O 12. Bh6 b5 13. Bb3 Rfe8 14. Bxg7 Kxg7
15. dxe5 dxe5 16. h4 h5 17. Rhg1 Nc5 18. Qg5 Nxb3+ 19. cxb3 Rad8 20. f4 Rxd1+
21. Rxd1 b4 22. Na4 Nxe4 23. Qg2 exf4 24. Rd4 Qe5 25. Rxb4 Nc5 26. Nxc5 Qe1+
27. Kc2 Re2+ 28. Kd3 Qd1+ 29. Kc4 Rc2# 0-1

[Event "Lichtenrader Herbst 2011"]
[Site "Berlin"]
[Date "2011.10.09"]
[Round "2.17"]
[White "Pesola, Jyrki"]
[Black "Möller, Hendrik"]
[Result "0-1"]
[WhiteElo "1933"]
[BlackElo "2222"]
[PlyCount "120"]
[EventDate "2011.??.??"]
[BlackTeam "SC Weisse Dame e.V."]

1. e4 c6 2. c4 d5 3. exd5 cxd5 4. cxd5 Nf6 5. Nc3 Nxd5 6. Bc4 Nb6 7. Bb3 g6 8.
Nf3 Bg7 9. d4 Nc6 10. Be3 O-O 11. O-O Na5 12. Bc2 Nac4 13. Bc1 Bd7 14. b3 Nd6
15. Ne5 Bf5 16. Ne2 Rc8 17. Bxf5 Nxf5 18. Bb2 Nd5 19. Rc1 Rxc1 20. Qxc1 Qc8 21.
Qc4 Nb6 22. Qxc8 Rxc8 23. Rc1 Rxc1+ 24. Nxc1 Nd5 25. Ncd3 Kf8 26. Kf1 Ke8 27.
Ke2 Nd6 28. a4 Bh6 29. g3 Bg7 30. Kf3 h5 31. Nc4 Nxc4 32. bxc4 Nb6 33. d5 Bh6
34. Bd4 Nxc4 35. Bxa7 Bg7 36. h4 Kd7 37. Bc5 Bc3 38. Ke4 Nd2+ 39. Ke3 Nc4+ 40.
Ke4 b6 41. Be3 Nxe3 42. fxe3 Kd6 43. Nf4 Kc5 44. Nd3+ Kc4 45. Ne5+ Bxe5 46.
Kxe5 Kb4 47. e4 Kxa4 48. Kd4 f6 49. e5 fxe5+ 50. Kxe5 Kb4 51. Ke6 Kc5 52. Kxe7
Kxd5 53. Kf6 b5 54. Kxg6 b4 55. Kxh5 b3 56. g4 b2 57. g5 b1=Q 58. Kh6 Ke6 59.
g6 Kf6 60. h5 Qb7 0-1